Fr. Conceicao Rodrigues College of Engineering

Operation Research (Record no. 35523)

MARC details
000 -LEADER
fixed length control field 00259nam a2200121Ia 4500
100 ## - MAIN ENTRY--PERSONAL NAME
Personal name Kapoor/V.K
245 ## - TITLE STATEMENT
Title Operation Research
260 ## - PUBLICATION, DISTRIBUTION, ETC.
Name of publisher, distributor, etc. Sultan Chand & Sons
Place of publication, distribution, etc. NewDelhi
Date of publication, distribution, etc. 1983
300 ## - PHYSICAL DESCRIPTION
Extent 328
546 ## - LANGUAGE NOTE
Language note ENGLISH
654 ## - SUBJECT ADDED ENTRY--FACETED TOPICAL TERMS
Focus term Operation
942 ## - ADDED ENTRY ELEMENTS (KOHA)
Koha item type BOOK
Holdings
Withdrawn status Lost status Damaged status Not for loan Collection Home library Current library Date acquired Source of acquisition Cost, normal purchase price Total Checkouts Full call number Barcode Date last seen Date last checked out Cost, replacement price Price effective from Koha item type
        AFT Fr. Agnel's C.Rodrigues College of Engineering Fr. Agnel's C.Rodrigues- College of Engineering 17/03/2023 Shree Ganesh Stores 250.00 1 AFT7875 07/08/2023 05/07/2023 250.00   BOOK